<?xml version="1.0" encoding="UTF-8"?>
<collection xmlns="http://www.loc.gov/MARC21/slim">
 <record>
  <leader>02035pam a22002778a 4500</leader>
  <controlfield tag="001">00042140</controlfield>
  <controlfield tag="005">20180817140820.0</controlfield>
  <controlfield tag="008">170516s2008                  ||||||Viesd</controlfield>
  <datafield tag="020" ind1="#" ind2="#">
   <subfield code="a">9786048506766</subfield>
   <subfield code="c">60000</subfield>
  </datafield>
  <datafield tag="041" ind1="0" ind2="#">
   <subfield code="a">Vie</subfield>
  </datafield>
  <datafield tag="082" ind1="1" ind2="4">
   <subfield code="a">796.345</subfield>
   <subfield code="b">K600TH</subfield>
  </datafield>
  <datafield tag="245" ind1="1" ind2="0">
   <subfield code="a">Kỹ thuật cầu lông</subfield>
   <subfield code="c">Nguyễn Quốc Trầm (ch.b); Đậu Anh Tuấn, Trương Văn Lợi, ... [và những người khác] (b.s)</subfield>
  </datafield>
  <datafield tag="260" ind1="#" ind2="#">
   <subfield code="a">Hà Nội</subfield>
   <subfield code="b">Thể dục thể thao</subfield>
   <subfield code="c">2018</subfield>
  </datafield>
  <datafield tag="300" ind1="#" ind2="#">
   <subfield code="a">191 tr.</subfield>
   <subfield code="c">20 cm</subfield>
  </datafield>
  <datafield tag="653" ind1="#" ind2="#">
   <subfield code="a">Cầu Lông</subfield>
  </datafield>
  <datafield tag="653" ind1="#" ind2="#">
   <subfield code="a">Chiến thuật</subfield>
  </datafield>
  <datafield tag="653" ind1="#" ind2="#">
   <subfield code="a">Kỹ thuật</subfield>
  </datafield>
  <datafield tag="653" ind1="#" ind2="#">
   <subfield code="a">Thể thao</subfield>
  </datafield>
  <datafield tag="700" ind1="1" ind2="#">
   <subfield code="a">Nguyễn, Hoàng Hân</subfield>
   <subfield code="e">Biên soạn</subfield>
  </datafield>
  <datafield tag="700" ind1="1" ind2="#">
   <subfield code="a">Nguyễn, Quốc Trầm</subfield>
   <subfield code="e">Chủ biên</subfield>
  </datafield>
  <datafield tag="700" ind1="1" ind2="#">
   <subfield code="a">Trương, Văn Lợi</subfield>
   <subfield code="e">Biên soạn</subfield>
  </datafield>
  <datafield tag="700" ind1="1" ind2="#">
   <subfield code="a">Vũ, Quang Huy</subfield>
   <subfield code="e">Biên soạn</subfield>
  </datafield>
  <datafield tag="700" ind1="1" ind2="#">
   <subfield code="a">Đậu, Anh Tuấn</subfield>
   <subfield code="e">Biên soạn</subfield>
  </datafield>
  <datafield tag="852" ind1="#" ind2="#">
   <subfield code="j">KM.0025544</subfield>
   <subfield code="j">KM.0025545</subfield>
   <subfield code="j">KM.0025546</subfield>
   <subfield code="j">KM.0025547</subfield>
   <subfield code="j">KM.0025548</subfield>
   <subfield code="j">KM.0025549</subfield>
   <subfield code="j">KM.0025550</subfield>
   <subfield code="j">KM.0025551</subfield>
   <subfield code="j">KM.0025204</subfield>
   <subfield code="j">KM.0025205</subfield>
   <subfield code="j">KM.0025206</subfield>
   <subfield code="j">KM.0025207</subfield>
   <subfield code="j">KM.0025208</subfield>
   <subfield code="j">KM.0025209</subfield>
   <subfield code="j">KM.0025210</subfield>
   <subfield code="j">KM.0025211</subfield>
   <subfield code="j">KM.0025212</subfield>
   <subfield code="j">KM.0025213</subfield>
   <subfield code="j">KM.0025214</subfield>
   <subfield code="j">KM.0025215</subfield>
   <subfield code="j">KM.0025216</subfield>
   <subfield code="j">KM.0025217</subfield>
   <subfield code="j">KM.0025218</subfield>
   <subfield code="j">KM.0025219</subfield>
   <subfield code="j">KM.0025220</subfield>
   <subfield code="j">KM.0025221</subfield>
   <subfield code="j">KM.0025222</subfield>
   <subfield code="j">KM.0025223</subfield>
   <subfield code="j">KM.0025224</subfield>
   <subfield code="j">KM.0025225</subfield>
   <subfield code="j">KM.0025226</subfield>
   <subfield code="j">KM.0025227</subfield>
   <subfield code="j">KM.0025228</subfield>
   <subfield code="j">KM.0025229</subfield>
   <subfield code="j">KM.0025230</subfield>
   <subfield code="j">KM.0025231</subfield>
   <subfield code="j">KM.0025232</subfield>
   <subfield code="j">KM.0025233</subfield>
   <subfield code="j">KM.0025234</subfield>
   <subfield code="j">KM.0025235</subfield>
   <subfield code="j">KM.0025236</subfield>
   <subfield code="j">KM.0025237</subfield>
   <subfield code="j">KM.0025239</subfield>
   <subfield code="j">KM.0025240</subfield>
   <subfield code="j">KM.0025241</subfield>
   <subfield code="j">KM.0025242</subfield>
   <subfield code="j">KM.0025243</subfield>
   <subfield code="j">KM.0025244</subfield>
   <subfield code="j">KM.0025245</subfield>
   <subfield code="j">KM.0025246</subfield>
   <subfield code="j">KM.0025247</subfield>
   <subfield code="j">KM.0025248</subfield>
   <subfield code="j">KM.0025249</subfield>
   <subfield code="j">KM.0025250</subfield>
   <subfield code="j">KM.0025251</subfield>
   <subfield code="j">KM.0025252</subfield>
   <subfield code="j">KM.0025253</subfield>
   <subfield code="j">KM.0025254</subfield>
   <subfield code="j">KM.0025255</subfield>
   <subfield code="j">KM.0025256</subfield>
   <subfield code="j">KM.0025257</subfield>
   <subfield code="j">KM.0025258</subfield>
   <subfield code="j">KM.0025259</subfield>
   <subfield code="j">KM.0025260</subfield>
   <subfield code="j">KM.0025261</subfield>
   <subfield code="j">KM.0025262</subfield>
   <subfield code="j">KM.0025263</subfield>
   <subfield code="j">KM.0025264</subfield>
   <subfield code="j">KM.0025265</subfield>
   <subfield code="j">KM.0025266</subfield>
   <subfield code="j">KM.0025267</subfield>
   <subfield code="j">KM.0025268</subfield>
   <subfield code="j">KM.0025269</subfield>
   <subfield code="j">KM.0025270</subfield>
   <subfield code="j">KM.0025271</subfield>
   <subfield code="j">KM.0025272</subfield>
   <subfield code="j">KM.0025273</subfield>
   <subfield code="j">KM.0025274</subfield>
   <subfield code="j">KM.0025275</subfield>
   <subfield code="j">KM.0025276</subfield>
   <subfield code="j">KM.0025277</subfield>
   <subfield code="j">KM.0025278</subfield>
   <subfield code="j">KD.0024688</subfield>
  </datafield>
  <datafield tag="910" ind1=" " ind2=" ">
   <subfield code="d">17/08/2018</subfield>
  </datafield>
  <datafield tag="980" ind1="#" ind2="#">
   <subfield code="a">Trung tâm Học liệu Lê Vũ Hùng, Trường Đại học Đồng Tháp</subfield>
  </datafield>
 </record>
</collection>
